Normal view
MARC view
- Judicial review of administrative acts
Entry Topical Term
001 - CONTROL NUMBER
- control field: 8579
003 - CONTROL NUMBER IDENTIFIER
- control field: OSt
005 - DATE AND TIME OF LATEST TRANSACTION
- control field: 20170530090946.0
008 - FIXED-LENGTH DATA ELEMENTS
- fixed length control field: 170530|| aca||aabn | a|a d
040 ## - CATALOGING SOURCE
- Original cataloging agency: OSt
- Transcribing agency: OSt
150 ## - HEADING--TOPICAL TERM
- Topical term or geographic name entry element: Judicial review of administrative acts
- Geographic subdivision: Malaysia
670 ## - SOURCE DATA FOUND
- Source citation: Work cat.: (OSt)0: Malaysia, jurisdiction governed. 400, GOVERNMENT PROCEEDINGS ACT 1956 (ACT 359) & JUDICIAL PROCEEDINGS (REGULATION OF REPORTS) ACT 1962 (ACT 114) :

PORTAL AKMAL
E-MEL JKDM
AKMAL2U
G-BAM
u-PUSTAKA